Zdaňte oligarchy

Úvahy autora o možnostiach nápravy prechmatov ruskej privatizácie.

Guardado en:
Detalles Bibliográficos
Autor principal: Stiglitz, Joseph E.
Formato: Capítulo de libro
Lenguaje:checo
Materias:
Etiquetas: Agregar Etiqueta
Sin Etiquetas, Sea el primero en etiquetar este registro!

MARC

LEADER 00000naa$a2200000$$$4500
001 0003032
005 20231004071454.2
041 0 |a cze 
044 |a CZ 
245 1 0 |a Zdaňte oligarchy  |c Joseph E. Stiglitz 
520 |a Úvahy autora o možnostiach nápravy prechmatov ruskej privatizácie. 
610 2 0 |a Rusko 
610 2 0 |a privatizácia 
610 2 0 |a dane 
100 1 |a Stiglitz, Joseph E.